Statistics for Countries that have Costco

Click here to take the quiz!

General Stats

  • This quiz has been taken 87 times
    (36 since last reset)
  • The average score is 11 of 14

Answer Stats

Number of storesAnswer% Correct
107Canada
100%
40Mexico
100%
587United States Of America
100%
29United Kingdom
97%
2France
91%
32Japan
84%
3China
81%
18South Korea
81%
4Spain
81%
14Australia
72%
1New Zealand
72%
1Sweden
69%
14Taiwan
63%
1Iceland
34%

Score Distribution

Percentile by Number Answered

Percent of People with Each Score

Your Score History

You have not taken this quiz since the last reset